000 00511nam a22001937a 4500
003 OSt
005 20160622142408.0
008 160622b xxu||||| |||| 00| 0 eng d
020 _a9780470061312
040 _cDNLM.
082 _aQU145N95c 2008.
100 _aEdited by Caroline Best.
_99511
245 _aNutrition.
_bA Handbook For Nurses.
260 _aUK.
_bWilwy-Blackwell.
_c2008.
300 _axvi,271p;
_bill;
_c24cm.
504 _aincludes index.
650 _aBiochemistry.
_9443
942 _2z
_cO_SHELF
999 _c4432
_d4432